[Event "POL-chT U19 2nd League"]
[Site "Iwonicz"]
[Date "2015.08.01"]
[Round "4.42"]
[White "Frej, Hanna"]
[Black "Kawecka, Malgorzata"]
[Result "1/2-1/2"]
[WhiteElo "1231"]
[BlackElo "1463"]
[PlyCount "85"]
[EventDate "2015.07.25"]
[EventType "team-swiss"]
[EventRounds "11"]
[EventCountry "POL"]
[SourceTitle "EXT 2019"]
[Source "ChessBase"]
[SourceDate "2018.10.10"]
[SourceVersion "1"]
[SourceVersionDate "2018.10.10"]
[SourceQuality "1"]
[WhiteTeam "Wroclaw MUKS MDK Srodmiescie U19 II"]
[BlackTeam "Gliwice Politechnika Slaska U19"]
[WhiteTeamCountry "POL"]
[BlackTeamCountry "POL"]

1. e4 d5 2. exd5 Qxd5 3. Nc3 Qd8 4. d4 Nf6 5. Nf3 Bf5 6. Ng1 Bc8 7. Nf3 Bf5 8. Bc4 e6 9. 0-0 Be7 10. Bf4 c6 11. Re1 0-0 12. h3 Nbd7 13. Qd2 Nd5 14. Bxd5 cxd5 15. Ne2 Nf6 16. Ng3 Bg6 17. Ne5 Ne4 18. Qe2 Nxg3 19. Bxg3 Bf5 20. c3 Bd6 21. Qe3 Qc7 22. Rad1 Rfe8 23. Kh2 Rad8 24. Nd3 Qb6 25. Bxd6 Qxd6+ 26. Kg1 Qb6 27. Rd2 Qc7 28. Qf3 Qe7 29. Qe3 Qf6 30. Qg3 Qh6 31. Rdd1 Rc8 32. Nc5 b6 33. Nd3 Qf6 34. Ne5 Qe7 35. Nf3 Qd7 36. Rd2 a5 37. a3 b5 38. Ne5 Qc7 39. Re3 Qe7 40. Nd3 Rb8 41. Kh1 Qb7 42. Nc5 Qc6 43. b4 1/2-1/2

[Event "POL-chT U19 2nd League"]
[Site "Iwonicz"]
[Date "2015.08.01"]
[Round "10.24"]
[White "Kawecka, Malgorzata"]
[Black "Czarniecka, Aleksandra"]
[Result "0-1"]
[WhiteElo "1463"]
[BlackElo "1474"]
[PlyCount "108"]
[EventDate "2015.07.25"]
[EventType "team-swiss"]
[EventRounds "11"]
[EventCountry "POL"]
[SourceTitle "EXT 2019"]
[Source "ChessBase"]
[SourceDate "2018.10.10"]
[SourceVersion "1"]
[SourceVersionDate "2018.10.10"]
[SourceQuality "1"]
[WhiteTeam "Gliwice Politechnika Slaska U19"]
[BlackTeam "Wroclaw MUKS MDK Fabryczna U19"]
[WhiteTeamCountry "POL"]
[BlackTeamCountry "POL"]

1. e4 c5 2. Nf3 d6 3. Bb5+ Bd7 4. Bxd7+ Qxd7 5. 0-0 Nc6 6. c3 Nf6 7. Re1 e6 8. d4 cxd4 9. cxd4 d5 10. e5 Ne4 11. Nbd2 Nxd2 12. Bxd2 Be7 13. Rc1 Nb4 14. Qb3 Nc6 15. a3 0-0 16. Rc3 Na5 17. Qd1 Nc4 18. Bc1 b5 19. b4 a5 20. Rb3 axb4 21. axb4 Ra4 22. Bd2 Rfa8 23. Ng5 Ra1 24. Qh5 Rxe1+ 25. Bxe1 Bxg5 26. Qxg5 Ra1 27. Kf1 h6 28. Qf4 g5 29. Rg3 Kh7 30. Qg4 Qa7 31. Qh5 Nd2+ 32. Ke2 Ne4 33. Rd3 Kg7 34. Bd2 Ra2 35. Qg4 Nxd2 36. Rxd2 Rxd2+ 37. Kxd2 Qa2+ 38. Ke3 Qb3+ 39. Ke2 Qxb4 40. h4 Qb2+ 41. Ke3 Qc1+ 42. Kd3 b4 43. hxg5 hxg5 44. Qf3 Qc3+ 45. Ke2 Qxf3+ 46. gxf3 f6 47. Kd3 fxe5 48. dxe5 Kg6 49. Kc2 Kf5 50. Kb3 Kxe5 51. Kxb4 Kf4 52. Kc3 Kxf3 53. Kd3 e5 54. Kd2 Kxf2 0-1

[Event "POL-chT U19 2nd League"]
[Site "Iwonicz"]
[Date "2015.08.01"]
[Round "1.60"]
[White "Kawecka, Malgorzata"]
[Black "Kupiecka, Julia"]
[Result "1-0"]
[WhiteElo "1463"]
[BlackElo "1056"]
[PlyCount "65"]
[EventDate "2015.07.25"]
[EventType "team-swiss"]
[EventRounds "11"]
[EventCountry "POL"]
[SourceTitle "EXT 2019"]
[Source "ChessBase"]
[SourceDate "2018.10.10"]
[SourceVersion "1"]
[SourceVersionDate "2018.10.10"]
[SourceQuality "1"]
[WhiteTeam "Gliwice Politechnika Slaska U19"]
[BlackTeam "Gory Strzybniczanka Tarnowskie U19"]
[WhiteTeamCountry "POL"]
[BlackTeamCountry "POL"]

1. e4 e5 2. Nc3 Nf6 3. Nf3 Nc6 4. d4 exd4 5. Nxd4 Bb4 6. Nxc6 bxc6 7. Bd3 0-0 8. 0-0 d6 9. Bg5 h6 10. Bh4 Re8 11. Qf3 Bxc3 12. bxc3 d5 13. exd5 cxd5 14. Bxf6 Qxf6 15. Qxd5 Be6 16. Qc5 Qd8 17. Rfd1 Qe7 18. Qa5 c6 19. Qa4 Bd7 20. Qf4 Rab8 21. h3 Rb7 22. Qf3 Qe5 23. Ba6 Rc7 24. Rab1 Be6 25. Re1 Qd5 26. Qf4 Ree7 27. Rb8+ Kh7 28. Bd3+ g6 29. Qf6 Rc8 30. Rxc8 Bxc8 31. Rxe7 Qd8 32. Qxf7+ Kh8 33. Qh7# 1-0

[Event "POL-chT U19 2nd League"]
[Site "Iwonicz"]
[Date "2015.08.01"]
[Round "9.12"]
[White "Szelag, Zuzanna"]
[Black "Kawecka, Malgorzata"]
[Result "1-0"]
[WhiteElo "1671"]
[BlackElo "1463"]
[PlyCount "53"]
[EventDate "2015.07.25"]
[EventType "team-swiss"]
[EventRounds "11"]
[EventCountry "POL"]
[SourceTitle "EXT 2019"]
[Source "ChessBase"]
[SourceDate "2018.10.10"]
[SourceVersion "1"]
[SourceVersionDate "2018.10.10"]
[SourceQuality "1"]
[WhiteTeam "Gniezno LKS Chrobry U19"]
[BlackTeam "Gliwice Politechnika Slaska U19"]
[WhiteTeamCountry "POL"]
[BlackTeamCountry "POL"]

1. e4 c5 2. Nf3 Nc6 3. d4 cxd4 4. Nxd4 g6 5. Nc3 Bg7 6. Be3 Nf6 7. Bc4 0-0 8. Bb3 d6 9. f3 Bd7 10. Qd2 Nxd4 11. Bxd4 b5 12. g4 a5 13. h4 a4 14. Bd5 Rc8 15. a3 e6 16. Ba2 Bc6 17. h5 Qc7 18. hxg6 hxg6 19. Be3 d5 20. Bf4 Qd7 21. 0-0-0 Ne8 22. Qh2 f6 23. exd5 exd5 24. Nxd5 Bxd5 25. Rxd5 Qc6 26. Qh7+ Kf7 27. Rd7# 1-0

[Event "POL-ch U12 Girls"]
[Site "Suwalki"]
[Date "2015.04.09"]
[Round "2.3"]
[White "Kawecka, Malgorzata"]
[Black "Malicka, Maria"]
[Result "0-1"]
[WhiteElo "1297"]
[BlackElo "1537"]
[PlyCount "74"]
[EventDate "2015.04.08"]
[EventType "swiss"]
[EventRounds "9"]
[EventCountry "POL"]
[SourceTitle "EXT 2023"]
[Source "ChessBase"]
[SourceDate "2022.10.05"]
[SourceVersion "1"]
[SourceVersionDate "2022.10.05"]
[SourceQuality "1"]

1. e4 c5 2. Nf3 e6 3. d4 cxd4 4. Nxd4 a6 5. Bd3 Qc7 6. 0-0 Nf6 7. Qe2 d6 8. c4 Be7 9. Nc3 0-0 10. Be3 Nbd7 11. Rac1 b6 12. f4 Nc5 13. Bb1 Bb7 14. Bf2 Ncd7 15. b3 Rac8 16. Rfe1 Qb8 17. g4 Rfd8 18. g5 Ne8 19. Qh5 g6 20. Qh4 e5 21. Nde2 f6 22. Be3 exf4 23. Bxf4 fxg5 24. Bxg5 Bxg5 25. Qxg5 Ng7 26. Rf1 Rf8 27. Nd5 Bxd5 28. Qxd5+ Kh8 29. Rcd1 Ne5 30. Qxd6 Rxf1+ 31. Kxf1 Rf8+ 32. Kg2 Qc8 33. Ng3 Ng4 34. Qd4 Kg8 35. h3 Nf2 36. Rf1 Qxh3+ 37. Kg1 Qxg3# 0-1

[Event "POL Olympiad U12 Girls"]
[Site "Spala"]
[Date "2014.12.30"]
[Round "7.14"]
[White "Kawecka, Malgorzata"]
[Black "Budkiewicz, Magdalena"]
[Result "0-1"]
[WhiteElo "1238"]
[BlackElo "1280"]
[PlyCount "124"]
[EventDate "2014.04.06"]
[EventType "swiss"]
[EventRounds "9"]
[EventCountry "POL"]
[SourceTitle "EXT 2023"]
[Source "ChessBase"]
[SourceDate "2022.10.05"]
[SourceVersion "1"]
[SourceVersionDate "2022.10.05"]
[SourceQuality "1"]

1. e4 c5 2. Nf3 e6 3. d4 cxd4 4. Nxd4 a6 5. Bd3 Bc5 6. Nb3 Ba7 7. 0-0 b5 8. a3 Bb7 9. Nc3 Ne7 10. Bf4 0-0 11. e5 Nbc6 12. Re1 Qc7 13. Qd2 Ng6 14. Bxg6 fxg6 15. Bg3 Ne7 16. Nd4 Nf5 17. Nxf5 gxf5 18. Rad1 Qc6 19. Nd5 Qxd5 20. Qxd5 Bxd5 21. Bf4 Rac8 22. c3 a5 23. Rd3 Rc4 24. Bd2 Rg4 25. g3 f4 26. b3 fxg3 27. Re2 gxh2+ 28. Kxh2 Rg2+ 29. Kh3 Rgxf2 30. Rxf2 Rxf2 31. Be1 Rf3+ 32. Rxf3 Bxf3 33. c4 bxc4 34. bxc4 a4 35. Bb4 Bd4 36. Bd6 Be2 37. c5 Bb2 38. c6 dxc6 39. Kg3 Bc1 40. Kf2 Bh5 41. Ke1 Kf7 42. Kf2 Kg6 43. Kg3 Kf5 44. Kf2 Bf4 45. Ke1 Bxe5 46. Bxe5 Kxe5 47. Kd2 Be8 48. Ke3 c5 49. Kd3 h5 50. Ke3 h4 51. Kf2 c4 52. Ke2 h3 53. Kf2 c3 54. Kg3 c2 55. Kxh3 c1Q 56. Kg3 Qf1 57. Kg4 Bb5 58. Kg3 Ke4 59. Kh2 Qf4+ 60. Kh3 Qg5 61. Kh2 Kf3 62. Kh1 Qg2# 0-1